Statistics for Countries with embassies and consulates in Atlanta

Click here to take the quiz!

General Stats

  • This quiz has been taken 42 times
  • The average score is 26 of 30

Answer Stats

ContinentCountry% Correct
EuropeGermany
100%
EuropeUnited Kingdom
100%
North AmericaCanada
97%
EuropeFrance
97%
North AmericaMexico
95%
South AmericaArgentina
92%
EuropeBelgium
92%
South AmericaPeru
92%
EuropeSpain
92%
South AmericaChile
89%
EuropeIreland
89%
EuropeItaly
89%
AsiaJapan
89%
South AmericaColombia
86%
North AmericaCosta Rica
86%
North AmericaEl Salvador
86%
North AmericaHaiti
86%
EuropePortugal
86%
Asia/ EuropeTurkey
86%
South AmericaVenezuela
86%
North AmericaGuatemala
84%
North AmericaHonduras
84%
South AmericaEcuador
81%
AsiaIndia
78%
North Americathe Bahamas
78%
EuropeSwitzerland
76%
AsiaSouth Korea
73%
EuropeGreece
68%
AsiaIsrael
68%
AsiaUnited Arab Emirates
65%

Score Distribution

Percentile by Number Answered

Percent of People with Each Score

Your Score History

You have not taken this quiz